000 01041nam a2200217 i 4500
001 83434
003 ES-MaACL
005 20260203063031.0
007 t|
008 180530s1914 sp ||||1| spa d
100 1 _aCabré Aguiló, Juan,
_d1882-1947
_933266
245 1 0 _aAvance al estudio de las pinturas prehistóricas del extremo sur de España (Laguna de la Janda) /
_cpor Juan Cabré... y Eduardo Hernández-Pacheco.
260 _aMadrid :
_bMuseo Nacional de Ciencias Naturales,
_c1914.
300 _a35 p., XIII lám. :
_bil. ;
_c28 cm.
490 1 _aTrabajos de la Comisión de Investigaciones Paleontológicas y Prehistóricas ;
_v3
594 _aPrecede al tít.: Junta para Ampliación de Estudios e Investigaciones Científicas. Instituto Nacional de Ciencias Físico-Naturales.
700 1 _aHernández-Pacheco, Eduardo,
_d1872-1965
_963012
830 0 _aTrabajos de la Comisión de Investigaciones Paleontológicas y Prehistóricas ;
_v3
_9184854
852 _aES-MaACL
_jB-12999(2)
999 _c83434
_d83434